000
00371nam a22001577a 4500
003
MPLRDC
005
20220104123748.0
008
210129b ||||| |||| 00| 0 eng d
082
_a
413.2 YXX
100
_a
姚香雄
245
_a
都市常见病
_c
260
_a
_b
协和医药出版社
_c
1967
300
_b
平
650
_a
诊断; 治疗
942
_c
BK
_o
413.2 YXX
999
_c
13987
_d
13977